Herencias, donaciones, cesin̤ de derechos y otras figuras jurd̕icas

Detalles Bibliográficos
Autor principal: Fol Olguin, Raymundo
Formato: eBook
Lenguaje:español
Publicado: Mx̌ico DF: Tax Editores, 2011
Materias:
Acceso en línea:Acceso restringido

MARC

LEADER 00000nam a22000007a 4500
005 20120201150632.0
007 cr|||| ||||
008 120201s2011 sp |||||s|||| 00||0 spa d
020 |a 978-607-440-288-9 
035 |a 6150 
040 |d vLex 
090 |c 2975  |d 2975 
100 1 |a Fol Olguin, Raymundo 
245 1 0 |a Herencias, donaciones, cesin̤ de derechos y otras figuras jurd̕icas  |h [Recurso electrn̤ico] /  |c Raymundo Fol Olguin, Jos ̌Přez Chv̀ez  
256 |a Servicio en ln̕ea 
260 |a Mx̌ico DF:  |b Tax Editores,  |c 2011 
300 |a 1 recurso electrn̤ico 
506 1 |a Contenido solo disponible en los productos indicados  |d vLex Global   |d vLex Global (Academic Edition, excluding Law Schools)   |d vLex Global (U.S. Academic Edition, Law Schools)   |d vLex Global (U.S. Academic Edition, excluding Law Schools)   |d vLex Global (Academic Edition, Law Schools)  
650 0 4 |a Herencia y sucesin̤ 
650 0 4 |a Derecho civil 
700 1 |a Fol Olguin, Raymundo 
740 0 |a vLex Libros (Servicio en ln̕ea) 
856 4 0 |u http://vlex.com/source/herencias-donaciones-cesion-derechos-otras-figuras-juridicas-6150  |z Acceso restringido 
942 |c BOOK 
999 0 |a  Inheritance and succession 
999 0 |a Civil law